00684 2200205 4500001002100000005001500021007000300036008003900039022001300078035002000091082001700111084002500128100002500153245013600178260008000314300004400394600001100438650001100449650001800460INLIS00000000000130620250430095415ta250430 | | |  a15932095 a0010-0425000038 a632.3-634.77 a632.3-634.77 MÜM f0 aMümine ÖZARSLANDAN1 aFusarium wilt caused by Fusarium oxysporum f. sp. cubense tropical race 4 in banana plantations in Türkiye /cMümine ÖZARSLANDAN aItaly :bFirenze University Press Università degli Studi di Firenze,c2024 a207-221 hlm, :bIlus ;c21 cm x 29,7 cm 4aPisang 4aJurnal 4aPenyakit Layu